Szczegóły MARC21

Antike und moderne in Hermann Brochs "Tod des Vergil" : über Dichtung und Wissenschaft, Utopie und Ideologie /

003 -Nazwa inst., której nr kontr. jest w polu 001 [,]
    • @
    • Nazwa instytucji, której n kontrolny jest w polu 001
    • NUKAT
005 -DATA I CZAS OSTATNIEJ MODYFIKACJI [,]
    • @
    • pole kontrolne
    • 20241231090630.0
020 -Międzynarod. znormalizowany nr książki - ISBN [ , ]
    • a
    • Numer ISBN
    • 3823350331 Find
040 -Instytucja sporządzająca opis [ , ]
    • a
    • Instytucja, która sporządziła opis (NP)
    • KR U/DC
    • c
    • Instytucja, która sporządziła rekord (NP)
    • KR U/DC
942 -Rodzaj dokumentu [ , ]
    • c
    • Rodzaj dokumentu
    • Książka
100 -Hasło główne - nazwa osobowa [1, ]
    • a
    • Nazwa osobowa (NP)
    • Heizmann, Jürgen
    • d
    • Daty biograficzne (NP)
    • (1958- ).
    • 9
    • KHW
    • 631943
245 -Strefa tytułu i oznaczenia odpowiedzialności [1,0]
    • a
    • Tytuł
    • Antike und moderne in Hermann Brochs "Tod des Vergil" : Find
    • b
    • Ciąg dalszy tytułu (NP)
    • über Dichtung und Wissenschaft, Utopie und Ideologie / Find
    • c
    • Pozostałe elementy strefy tytułu i oznaczenia odpowiedzialności (NP)
    • Jürgen Heizmann.
260 -Strefa adresu wydawniczego [ , ]
    • a
    • Miejsce wydania (P)
    • Tübingen :
    • b
    • Nazwa wydawcy (P)
    • Gunter Narr Verlag,
    • c
    • Data wydania (P)
    • cop. 1997.
300 -Strefa opisu fizycznego [ , ]
    • a
    • Określenie formy książki i/lub objętość (NP)
    • 207 s. ;
    • c
    • Format (NP)
    • 23 cm.
336 -Typ zawartości [ , ]
    • a
    • Termin opisujący typ zawartości
    • Tekst
    • b
    • Kod określający zawartość
    • txt
    • 2
    • Źródło (terminu i kodu)
    • rdacontent
337 -Typ mediów [ , ]
    • a
    • Tryb odtwarzania
    • Bez urządzenia pośredniczącego
    • b
    • Kod typu mediów
    • n
    • 2
    • Źródło (terminu i kodu)
    • rdamedia
338 -Typ/rodzaj nośnika [ , ]
    • a
    • Hasło opisujące typ nośnika
    • Wolumin
    • b
    • Kod typu nośnika
    • nc
    • 2
    • Źródło (terminu i kodu)
    • rdacarrier
490 -Strefa serii i książki wielotomowej - forma nie do wyszukiwania [1, ]
    • a
    • Tytuł (P)
    • Mannheimer Beiträge zur Sprach- und Literaturwissenschaft, Find
    • x
    • ISSN (NP)
    • 0175-3169 ;
    • v
    • Numeracja (P)
    • Bd. 33
830 -Hasło dodatkowe serii i opisu książki wielotomowej - tytuł ujednolicony/tytuł [ ,0]
    • a
    • Tytuł ujednolicony/tytuł (NP)
    • Mannheimer Beiträge zur Sprach- und Literaturwissenschaft
    • x
    • ISSN
    • 0175-3169
    • v
    • Oznaczenie tomu (NP)
    • Bd. 33
    • 9
    • KHW
    • 631944
502 -Uwaga dot. dysertacji [ , ]
    • a
    • Uwaga dot. dysertacji
    • Diss. Université de Montréal.
504 -Uwaga dot. bibliogr. załącznikowej [ , ]
    • a
    • Uwaga dot. bibliografii załącznikowej
    • Bibliogr. s. 190-207.
080 -Uniwersalna Klasyfikacja Dziesiętna [ , ]
    • a
    • Symbol klasyfikacji
    • 830(436)(091)-31"18/19"Broch H.=30
080 -Uniwersalna Klasyfikacja Dziesiętna [ , ]
    • a
    • Symbol klasyfikacji
    • :82.03=30
980 -Symbol UKD [ , ]
    • a
    • UKD
    • 830(436)(091)-31"18/19"Broch H.:82.03]=30
920 -ISBN [ , ]
    • a
    • ISBN
    • 3-8233-5033-1 Find
Data inwentaryzacji Status udost. Sygnatura Lokalizacja Numer inwentarzowy
2002-03-11-3Germ. Literaturozn. – Broch 02BMG.16261